| 000 | 00415cam a2200145ua 4500 | ||
|---|---|---|---|
| 003 | OSt | ||
| 008 | 250820b |||||||| |||| 00| 0 eng d | ||
| 041 | _aeng | ||
| 082 |
_a627.8 _bLEL/UP |
||
| 100 |
_aLeliavsky, Serge . _96525 |
||
| 245 | _aUplift in gravity dams : calculation methods, experiments and design theories / | ||
| 260 |
_aLondon : _bConstablw & Company Ltd , _c1958. |
||
| 300 | _a267 ; . | ||
| 942 | _cBK | ||
| 999 |
_c3335 _d3335 |
||